00784nam a22001935i 4500001000700000003000900007005001700016008004100033080000800074100002400082245008100106260007100187300002200258490009200280650003200372710007400404830008900478852002300567169164ES-MaACL20250815103632.0080820s1877 sp |||| | spa d a5111 aJiménez, Eulogio.10aTratado elemental de la teoría de los números / cpor Eulogio Jiménez. aMadrid : b[s.n.], c1877 (fImpr. de la viuda de Aguado é Hijo) a687 p. ; c27 cm.1 aMemorias de la Real Academia de Ciencias Exactas, Físicas y Naturales de Madrid ; v714aNúmeros, Teoría de los.2 aReal Academia de Ciencias Exactas, Físicas y Naturales de España.00aMemorias de la Real Academia de Ciencias Exactas, Físicas y Naturales de Madridv7 aES-MaACLjF-11499